Normal view
MARC view
- نشوز الزوجين- العنف الاسري- الاحوال الشخصية- قوانين وتشريعات
Entry Topical Term
001 - CONTROL NUMBER
- control field: 43780
003 - CONTROL NUMBER IDENTIFIER
- control field: JO-AjAnu
005 - DATE AND TIME OF LATEST TRANSACTION
- control field: 20230606081243.0
008 - FIXED-LENGTH DATA ELEMENTS
- fixed length control field: 230606|| aca||aabn | a|a d
040 ## - CATALOGING SOURCE
- Original cataloging agency: JO-AjAnu
- Transcribing agency: JO-AjAnu
150 ## - HEADING--TOPICAL TERM
- Topical term or geographic name entry element: نشوز الزوجين- العنف الاسري- الاحوال الشخصية- قوانين وتشريعات
670 ## - SOURCE DATA FOUND
- Source citation: Work cat.: (JO-AjAnu)22414: الفقير، نوح مصطفى, author 43779, أساليب معالجة نشوز الزوجين ودورها في الحد من العنف الأسري